000 00484nam a2200181Ia 4500
008 230711s9999||||xx |||||||||||||| ||und||
020 _a978-81-315-3249-2
041 _aENG
082 _a658.3
_bBO-P
100 _aBohlander,George W
245 0 _aPrinciples of human resource management : With course Mate
250 _a16th . Ed.
260 _c2015
_aDelhi
_bCengage Learning
300 _a807p.
650 _aUNIVESITY BUSNIESS SCHOOL
700 _aSnell,Scott A
942 _cBK
999 _c5930
_d5930